Το πάρτι της Μιράντας

Αποθηκεύτηκε σε:
Λεπτομέρειες βιβλιογραφικής εγγραφής
Κύριος συγγραφέας: Σίνου, Κίρα
Άλλοι συγγραφείς: Μενδράκου, Σοφία (Εικονογράφος)
Μορφή: Βιβλίο
Γλώσσα:Greek
Δημοσίευση: Αθήνα : Καστανιώτης, 1987.
Έκδοση:9η έκδ.
Σειρά:Νεανική βιβλιοθήκη - από την ιστορία ; v.93
Θέματα:
Ετικέτες: Προσθήκη ετικέτας
Δεν υπάρχουν, Καταχωρήστε ετικέτα πρώτοι!

MARC

LEADER 00000cam a2200000 a 4500
001 1/120424
008 191127s1987####gr | ||| |||| ||gre||
020 |a 9789600302530  
040 |a GR-MyUa  |b gre  |c GR-MyUa  |e AACR2 
041 0 |a gre 
082 7 |a 808.0683   |2 (23) 
100 1 |a Σίνου, Κίρα. 
245 1 3 |a Το πάρτι της Μιράντας /   |c εικονογράφηση : Σοφία Μενδράκου.  
250 |a 9η έκδ.  
260 |a Αθήνα :   |b Καστανιώτης,   |c 1987.  
300 |a 135 σ. :   |b εικ. ;   |c 21 εκ.  
490 1 |a (Νεανική βιβλιοθήκη - από την ιστορία ;   |v vol.93)  
650 0 |a Young adult fiction, Greek. 
650 0 |a Children's literature, Greek (Modern) 
650 0 |a Children  |x Books and reading  |z Greece. 
700 1 |a Μενδράκου, Σοφία,  |e ill 
830 0 |a Νεανική βιβλιοθήκη - από την ιστορία ;  |v  v.93 
852 |a INST  |b RHODES  |e 20191127  |h 808.0683 ΣΙΝ  |p 005400041299  |q 005400041299  |t BK  |y 0 
920 |a Γιαννά   |b Σταματία  |y Ρόδος  |z 2019-11 
970 |a Μαρία  |b Κωτάκου  |z 27-11-2019